000 00218nam a2200085Ia 4500
008 120527s9999 xx 000 0 und d
100 _aNUC
245 _aNigerian University system:A paraststla's post,present
942 _cBK
999 _c20447
_d20447